European Journal of Comparative Economics

Detalles Bibliográficos
Formato: Revista
Lenguaje:inglés
Publicado: [Italia] : Universita Carlo Cattaneo, 2004 -
Materias:
Acceso en línea:Acceso restringido

MARC

LEADER 00000nas a2200000 4500
005 2011092301121.0
008 070206s19uu9999xx r p s 0 a0eng d
022 |a 1824-2979 
035 |a 3103 
040 |a BUS  |d vLex 
080 |a Economa̕ 
090 |c 2546  |d 2546 
245 0 0 |a European Journal of Comparative Economics  |h [Recurso electrn̤ico] 
256 |a Servicio en ln̕ea. 
260 |a [Italia] :  |b Universita Carlo Cattaneo,  |c 2004 - 
300 |a 1 recurso electrn̤ico 
310 |a Dos nm︢eros al aǫ 
362 |a Nm︢. 1 (2004) - 
506 1 |a Contenido solo disponible en los productos indicados  |d vLex Global  |d vLex Global (Academic Edition, excluding Law Schools)  |d vLex Global (Academic Edition, Law Schools) 
650 0 4 |a Derecho financiero  |z Italia 
740 0 |a vLex Revistas (Servicio en ln̕ea) 
856 4 0 |u http://vlex.com/source/european-journal-of-comparative-economics-3103  |z Acceso restringido 
942 |c REV